Geopolitika Ruska a formovanie jeho zahraničnej politiky v ére Vladimíra Putina

Strategickým zahraničnopolitických cieľom RF je dnes snaha o upevnenie postavenia na medzinárodnej scéne a obnovenie pozície svetovej veľmoci. Priority zahraničnej politiky RF. Faktory, od ktorých vzájomného pôsobenia bude závisieť postavenie a miesto Ruska vo svetovej politike. Akú koncepciu demokr...

Full description

Saved in:
Bibliographic Details
Main Author: Juza, Peter
Format: Book Chapter
Language:Slovak
Subjects:
Tags: Add Tag
No Tags, Be the first to tag this record!

MARC

LEADER 00000naa$a2200000$$$4500
001 0070492
005 20221128091203.4
041 0 |a slo 
044 |a SK 
245 1 0 |a Geopolitika Ruska a formovanie jeho zahraničnej politiky v ére Vladimíra Putina  |c Peter Juza 
520 |a Strategickým zahraničnopolitických cieľom RF je dnes snaha o upevnenie postavenia na medzinárodnej scéne a obnovenie pozície svetovej veľmoci. Priority zahraničnej politiky RF. Faktory, od ktorých vzájomného pôsobenia bude závisieť postavenie a miesto Ruska vo svetovej politike. Akú koncepciu demokracie si Rusko osvojí - tri možné scenáre. 
610 2 0 |a Rusko 
610 2 0 |a geopolitika 
610 2 0 |a politika zahraničná 
610 2 0 |a koncepcie 
100 1 |a Juza, Peter